| 000 | 00547nam a2200169 i 4500 | ||
|---|---|---|---|
| 001 | 76384 | ||
| 003 | ES-MaACL | ||
| 005 | 20230906172827.0 | ||
| 007 | t| | ||
| 008 | 201022s1885 sp ||||1| spa d | ||
| 110 | 2 |
_aOrden de San Hermenegildo. _9140270 |
|
| 245 | 1 | 0 | _aEscalafón general y reglamento de la Real y Militar Orden de San Hermenegildo. |
| 260 |
_aMadrid : _b[s.n.], _c1885. |
||
| 610 | 2 | 4 |
_aOrden de San Hermenegildo- _vEscalafones. _9160833 |
| 610 | 2 | 4 |
_aOrden de San Hermenegildo- _vReglamentos. _9160832 |
| 852 |
_aES-MaACL _jT-441-F-3 |
||
| 999 |
_c76384 _d76384 |
||